Statistics for Car brands 3

Click here to take the quiz!

General Stats

  • This quiz has been taken 35 times
  • The average score is 17 of 25

Answer Stats

Answer% Correct
Ford
100%
Honda
100%
Hyundai
97%
Lexus
81%
Audi
77%
Bmw
77%
Mercedes
77%
Nissan
77%
Porsche
77%
Tesla
77%
Toyota
77%
Jaguar
74%
Ferrari
71%
Lamborghini
71%
Mini
71%
Suzuki
71%
Bentley
68%
Mustang
65%
Corvette
58%
Maseratti
58%
Volvo
58%
Fiat
55%
Citron
16%
Doge
13%
Chervolet
3%

Score Distribution

Percentile by Number Answered

Percent of People with Each Score

Your Score History

You have not taken this quiz